000 01083nam a22003137a 4500
003 CHAP
005 20220329133807.0
008 120603s2008 nyu r 00010 eng d
010 _a10993
011 _a11965
035 _a13323
040 _cCHAP
082 0 0 _a338.14
_bR81
100 0 0 _aRosenzweig, Cynthia.
_9100144
245 1 0 _aClimate variability and the global harvest :
_bimpacts of El Niño and other oscilations on agroecosystems
_cpor Cynthia Rosenzweig y Daniel Hillel
260 _aNew York :
_bOxford University Press,
_c2008
300 _a259 p. :
_bil.
590 _aBATCH-UPD
_b10
_c20130110
_lUCH01
_h0237
590 _aBATCH-UPD
_b10
_c20130110
_lUCH01
_h1918
590 _aBATCH-UPD
_b10
_c20130410
_lUCH01
_h1244
590 _aBATCH-UPD
_b10
_c20130914
_lUCH01
_h0820
590 _aCONVERSION
_b10
_c20130109
_lUCH01
_h1307
650 0 4 _aCambio climático.
_917781
650 0 4 _aCultivos
_xEfecto del clima.
_930256
700 0 _aHillel, Daniel.
_955451
901 _aBK
942 _cLIBRO
949 _a338.14 R81
_bBC
_cLIBRO
_d33724002338405
_eLIBRO
_h117743
_i13323
_sb
999 _c10993
_d10993